Campeões do Super Bowl - Futebol Americano - NFL - Statistics

Estatísticas Gerais
  • Esse quiz foi jogado 255 vezes
  • A pontuação média é 49 de 58
Estatísticas das Respostas
Ano Campeão % Correto
IV Kansas City Chiefs
96%
LIV Kansas City Chiefs
96%
LVII Kansas City Chiefs
96%
LVIII Kansas City Chiefs
96%
XXXVI New England Patriots
95%
XXXVIII New England Patriots
95%
XXXIX New England Patriots
95%
XLIX New England Patriots
95%
LI New England Patriots
95%
LIII New England Patriots
95%
I Green Bay Packers
91%
II Green Bay Packers
91%
XXXI Green Bay Packers
91%
XLV Green Bay Packers
91%
LII Philadelphia Eagles
91%
LVI Los Angeles Rams
90%
XXXIV St. Louis Rams
89%
XVI San Francisco 49ers
87%
XIX San Francisco 49ers
87%
XXIII San Francisco 49ers
87%
XXIV San Francisco 49ers
87%
XXIX San Francisco 49ers
87%
XXXII Denver Broncos
85%
XXXIII Denver Broncos
85%
50 Denver Broncos
85%
XXI New York Giants
85%
XXV New York Giants
85%
XLII New York Giants
85%
XLVI New York Giants
85%
IX Pittsburgh Steelers
85%
X Pittsburgh Steelers
85%
XIII Pittsburgh Steelers
85%
XIV Pittsburgh Steelers
85%
XL Pittsburgh Steelers
85%
XLIII Pittsburgh Steelers
85%
XXXVII Tampa Bay Buccaneers
84%
LV Tampa Bay Buccaneers
84%
VI Dallas Cowboys
83%
XII Dallas Cowboys
83%
XXVII Dallas Cowboys
83%
XXVIII Dallas Cowboys
83%
XXX Dallas Cowboys
83%
XXXV Baltimore Ravens
82%
XLVII Baltimore Ravens
82%
VII Miami Dolphins
82%
VIII Miami Dolphins
82%
III New York Jets
81%
XVIII Los Angeles Raiders
78%
XI Oakland Raiders
78%
XV Oakland Raiders
78%
XLVIII Seattle Seahawks
78%
XX Chicago Bears
77%
XLIV New Orleans Saints
73%
V Baltimore Colts
70%
XLI Indianapolis Colts
70%
XVII Washington Redskins
61%
XXII Washington Redskins
61%
XXVI Washington Redskins
61%
Nenhum quiz correspondente encontrado
Distribuição das Pontuações
Porcentagem de Pessoas com Cada Pontuação
Percentil de Números Respondidos
Sua Pontuação Histórica
Você não jogou esse quiz